| 000 | 01066pam a2200337 a 4500 | ||
|---|---|---|---|
| 999 |
_c2331 _d2331 |
||
| 001 | 014341737 | ||
| 003 | Uk | ||
| 005 | 20230414100652.0 | ||
| 008 | 071023s2008 enka j 000 1 eng d | ||
| 015 |
_aGBA793004 _2bnb |
||
| 016 | 7 |
_a014341737 _2Uk |
|
| 020 | _a9780746085608 (hbk.) : | ||
| 040 |
_aStDuBDS _beng _cStDuBDS _dUk _dKH8 |
||
| 042 | _aukblsr | ||
| 082 | 0 | 4 |
_a823.92 DAV _222 |
| 100 | 1 |
_aDavidson, Susanna. _eAuthor |
|
| 245 | 1 | 0 |
_aBaba Yaga, the flying witch / _cretold by Susanna Davidson ; illustrated by Sara Rojo ; reading consultant, Alison Kelly. |
| 260 |
_aLondon : _bUsborne, _c2008. |
||
| 300 |
_a48 p. : _bcol. ill. ; _c21 cm. |
||
| 336 |
_atext _2rdacontent |
||
| 337 |
_aunmediated _2rdamedia |
||
| 338 |
_avolume _2rdacarrier |
||
| 490 | 0 | _aUsborne first reading | |
| 650 | 0 |
_aBaba Yaga (Legendary character) _vJuvenile fiction. |
|
| 650 | 0 |
_aWitches _vJuvenile fiction. |
|
| 655 | 7 |
_aFolklore. _2gsafd |
|
| 655 | 0 | _aChildren's stories. | |
| 700 | 1 |
_aRojo, Sara, _d1973- _eIllustrator |
|
| 700 | 1 | _aKelly, Alison. | |
| 942 |
_2ddc _cFIC |
||